The economics of capital budgeting (Record no. 75711)
[ view plain ]
| 000 -LEADER | |
|---|---|
| fixed length control field | 00660nam a2200157 a 4500 |
| 008 - FIXED-LENGTH DATA ELEMENTS--GENERAL INFORMATION | |
| fixed length control field | 120416s0000 ||||||||||||||||| || u |
| 020 ## - INTERNATIONAL STANDARD BOOK NUMBER | |
| International Standard Book Number | 0273014609 |
| 050 ## - LIBRARY OF CONGRESS CALL NUMBER | |
| Classification number | HG 4028.C4 Bro |
| 100 ## - MAIN ENTRY--PERSONAL NAME | |
| Personal name | Bromwich, Michael |
| 245 14 - TITLE STATEMENT | |
| Title | The economics of capital budgeting |
| 260 ## - PUBLICATION, DISTRIBUTION, ETC. | |
| Place of publication, distribution, etc. | London |
| Name of publisher, distributor, etc. | Pitman |
| Date of publication, distribution, etc. | 1976 |
| 300 ## - PHYSICAL DESCRIPTION | |
| Extent | 395p. : ill. |
| 350 ## - | |
| -- | 0.00 |
| 995 ## - | |
| -- | ANNEX COLLECTION (Main Library) |
| -- | 0.00 |
| -- | 007467 |
| -- | CBU-MAIN LIBRARY (Kitwe) |
| -- | 2 |
| -- | 5.95 |
| -- | HG 4028.C4 Bro |
| -- | AVAILABLE |
| -- | 007467 |
| -- | Annex Low-Usage Collection |
| 995 ## - | |
| -- | ANNEX COLLECTION (Main Library) |
| -- | 0.00 |
| -- | 007466 |
| -- | CBU-MAIN LIBRARY (Kitwe) |
| -- | 1 |
| -- | 5.95 |
| -- | HG 4028.C4 Bro |
| -- | AVAILABLE |
| -- | 007466 |
| -- | Annex Low-Usage Collection |
| 999 ## - | |
| -- | 75711 |
| -- | 75711 |
| Withdrawn status | Lost status | Source of classification or shelving scheme | Damaged status | Not for loan | Permanent Location | Current Location | Shelving location | Date acquired | Total Checkouts | Full call number | Barcode | Date last seen | Copy number | Price effective from | Koha item type |
|---|---|---|---|---|---|---|---|---|---|---|---|---|---|---|---|
| CBU-MAIN LIBRARY, KITWE. | CBU-MAIN LIBRARY, KITWE. | 04/24/2023 | HG 4028.C4 Bro | 007467 | 04/24/2023 | 1 | 04/24/2023 | MONOGRAPH | |||||||
| CBU-MAIN LIBRARY, KITWE. | CBU-MAIN LIBRARY, KITWE. | 04/24/2023 | HG 4028.C4 Bro | 007466 | 04/24/2023 | 2 | 04/24/2023 | MONOGRAPH |